01110nam a22002657a 4500001001700000003000700017005001700024007000700041008004100048010001700089040002100106020001500127020001800142035002100160100001900181245006000200260004300260300002100303856009000324856010000414942000700514506015000521506015400671999001900825dreamseeds00murdCaSfIA20210118003129.0cr||||060923s1986 txu 000 0 eng  a 2006298613 aDLCcDLCdCaSfIA a0892743921 a9780892743926 a(OCoLC)3130660651 aMurdock, Mike.10aDream-seeds /h[electronic resource] cby Mike Murdock. aDenton, Tex. :bWidsom Center,cc1986. a112 p. ;c21 cm.41uhttp://www.archive.org/details/dreamseeds00murdzFree eBook from the Internet Archive42uhttp://www.openlibrary.org/books/OL8232569MzAdditional information and access via Open Library cEB fНеобхідна авторизація на https://archive.org/ (створення облікового запису безкоштовно) fНеобхідна авторизація на https://openlibrary.org/ (створення облікового запису безкоштовно) c490432d490432